Názvosloví anorganické chemie : Pravidla k roku 1985

Saved in:
Bibliographic Details
Format: Book
Language:Czech
Published: Praha : Academia, 1987
Edition:3.upr.a rozš.vyd.
Subjects:
Tags: Add Tag
No Tags, Be the first to tag this record!

MARC

LEADER 00000nam a22000003a 4500
001 stu39722
005 20150408180718.9
008 930222s1987----cs------------------cze-d
040 |a STU  |b slo 
041 0 |a cze 
044 |a cs 
080 |a 801.316.4  |7 4969 
080 |a 546 
245 |a Názvosloví anorganické chemie :  |b Pravidla k roku 1985 
250 |a 3.upr.a rozš.vyd. 
260 |a Praha :  |b Academia,  |c 1987 
300 |a 181 s 
650 7 |a Chémia anorganická  |2 stusub 
650 7 |a názvoslovie  |2 stusub 
996 |b 284M001657  |c M*1877-2  |l MMKN  |s A  |a 24  |w stu39722_0001 
996 |b 284M036245  |c M*1877-1  |l MMKN  |s A  |a 24  |w stu39722_0002